Т. 3 ; Искусство первой половины XIX века; История искусства народов СССР

Bibliografiske detaljer
Parent link:История искусства народов СССР: в 9 т./ Академия художеств СССР (АХ СССР), Научно-исследовательский институт теории и истории изобразительного искусства (НИИ РАХ) ; гл. ред. Б. В. Веймарн. Т. 3 ; Искусство первой половины XIX века.— , 1971-1984
Sprog:russisk
Udgivet: Москва, Изобразительное искусство, 1979
Fag:
Format: MixedMaterials Bog
KOHA link:https://koha.lib.tpu.ru/cgi-bin/koha/opac-detail.pl?biblionumber=365909

MARC

LEADER 00000nam2a2200000 4500
001 365909
005 20231102011830.0
035 |a (RuTPU)RU\TPU\retro\23272 
090 |a 365909 
100 |a 20220126d1979 km y0rusy50 ca 
101 0 |a rus 
102 |a RU 
105 |a a z 001zy 
200 0 |a Т. 3 ; Искусство первой половины XIX века 
210 |a Москва  |c Изобразительное искусство  |d 1979 
215 |a 462 с.  |c ил. 
320 |a Библиогр.: с. 429-440 
320 |a Указ. имен: с. 456-461 
461 1 |0 (RuTPU)RU\TPU\retro\20760  |t История искусства народов СССР  |o в 9 т.  |f Академия художеств СССР (АХ СССР), Научно-исследовательский институт теории и истории изобразительного искусства (НИИ РАХ) ; гл. ред. Б. В. Веймарн  |v Т. 3 ; Искусство первой половины XIX века  |d 1971-1984 
606 1 |a Искусство  |x История  |2 stltpush  |3 (RuTPU)RU\TPU\subj\13188  |9 39839 
610 1 |a изобразительное искусство 
610 1 |a народное искусство 
610 1 |a народы 
610 1 |a СССР 
610 1 |a русское искусство 
610 1 |a Украина 
610 1 |a Молдавия 
610 1 |a Белоруссия 
610 1 |a Латвия 
610 1 |a Эстония 
610 1 |a Армения 
610 1 |a Грузия 
610 1 |a Азербайджан 
610 1 |a Средняя Азия 
675 |a 7.03  |v 4 
801 1 |a RU  |b 63413507  |c 20220126 
801 2 |a RU  |b 63413507  |c 20220126  |g RCR 
942 |c BK